[Event "Chess24 Banter Blitz Cup"]
[Site "chess24.com INT"]
[Date "2020.03.28"]
[Round "3.9"]
[White "Abdusattorov, Nodirbek"]
[Black "Chigaev, Maksim"]
[Result "1/2-1/2"]
[WhiteTitle "GM"]
[BlackTitle "GM"]
[WhiteElo "2608"]
[BlackElo "2644"]
[WhiteFideId "14204118"]
[BlackFideId "4108116"]
[EventDate "2019.09.25"]
[EventType "blitz"]

1. e4 e5 2. Nf3 Nc6 3. d4 exd4 4. Nxd4 Nf6 5. Nxc6 bxc6 6. e5 Qe7 7. Qe2 Nd5 8.
h4 Qe6 9. Nd2 a5 10. c4 Nb4 11. Nf3 Qg6 12. h5 Qc2 13. a3 Qxe2+ 14. Kxe2 Na6 15.
Kd2 Nc5 16. Kc2 d5 17. Nd4 h6 18. Be3 Bd7 19. f3 Be7 20. g4 Rb8 21. Rd1 a4 22.
Nf5 Bxf5+ 23. gxf5 Rb3 24. Bxc5 Bxc5 25. cxd5 O-O 26. Bc4 Rxf3 27. e6 Rf2+ 28.
Kc3 Bd6 29. dxc6 Be5+ 30. Kd3 fxe6 31. Bxe6+ Kh8 32. Ke3 Rxb2 33. Rd3 Rb6 34.
Rh4 Rxc6 35. Rxa4 Rc1 36. Re4 Bf6 37. Rc4 Rxc4 38. Bxc4 Ra8 39. Bd5 Ra5 40. Ke4
Kh7 41. Bf7 Re5+ 42. Kf4 Ra5 43. Bg6+ Kg8 44. Rb3 Kf8 45. Ke4 Ke7 46. Kd3 Kd6
47. Kc4 Rc5+ 48. Kb4 Rd5 49. a4 Rd4+ 50. Kb5 c6+ 51. Kb6 Rxa4 52. Be8 Bd4+ 53.
Kb7 Ra7+ 54. Kb8 Re7 55. Bg6 Be5 56. Rd3+ Kc5+ 57. Kc8 Rc7+ 58. Kd8 Ra7 59. Ke8
Bf6 60. Kf8 Ra8+ 61. Kf7 Ra7+ 62. Kg8 Ra8+ 63. Kh7 Ra7 64. Rd1 Kb6 65. Rb1+ Kc7
66. Rc1 Ra5 67. Bf7 c5 68. Be6 Kd6 69. Kg6 Ke5 70. Rd1 Kf4 71. Ra1 Ke3 72. Rxa5
c4 73. Rc5 c3 74. Rxc3+ Kd4 75. Rc4+ Kd3 76. Rc7 Kd2 77. Rxg7 Be5 78. Kf7 Bf4
79. Rg6 Be5 80. Rxh6 Ke3 81. f6 Bd4 82. Ke8 Bc3 1/2-1/2

[Event "Chess24 Banter Blitz Cup"]
[Site "chess24.com INT"]
[Date "2020.03.28"]
[Round "3.10"]
[White "Chigaev, Maksim"]
[Black "Abdusattorov, Nodirbek"]
[Result "1-0"]
[WhiteTitle "GM"]
[BlackTitle "GM"]
[WhiteElo "2644"]
[BlackElo "2608"]
[WhiteFideId "4108116"]
[BlackFideId "14204118"]
[EventDate "2019.09.25"]
[EventType "blitz"]

1. e4 e5 2. Nf3 Nc6 3. Bc4 Bc5 4. d3 Nf6 5. h3 a6 6. c3 Ba7 7. Bb3 O-O 8. Nbd2
d5 9. exd5 Nxd5 10. Ne4 Re8 11. O-O Bf5 12. Ng3 Bg6 13. Re1 f6 14. Ne4 Kh8 15.
Nh4 Bf7 16. Nf5 Nce7 17. Neg3 Qd7 18. Nxe7 Rxe7 19. Qf3 Be6 20. d4 exd4 21. Rxe6
Rxe6 22. Bxd5 Re1+ 23. Kh2 Rae8 24. Bxb7 R8e6 25. Bd5 R6e5 26. Bb3 Bb6 27. Bf4
Rxa1 28. Bxe5 Qd8 29. Bxd4 Bxd4 30. cxd4 Re1 31. d5 Qd6 32. Qg4 Re8 33. Qa4 Rd8
34. f4 g6 35. Qd4 Kg8 36. Kh1 Kg7 37. Qf2 Re8 38. Bc4 Qb4 39. b3 a5 40. a4 Qd6
41. Kh2 Re7 42. Qf3 h5 43. Ne4 Qd7 44. Nc5 Qf5 45. Ne6+ Kh6 46. g4 Qc2+ 47. Kg3
Rf7 48. g5+ Kh7 49. Bd3 Qc1 50. Qxh5+ Kg8 51. Qxg6+ Kh8 52. Qh6+ Kg8 53. Bh7+
Kh8 54. Bg6+ Kg8 55. Bxf7+ 1-0

[Event "Chess24 Banter Blitz Cup"]
[Site "chess24.com INT"]
[Date "2020.03.28"]
[Round "3.11"]
[White "Abdusattorov, Nodirbek"]
[Black "Chigaev, Maksim"]
[Result "0-1"]
[WhiteTitle "GM"]
[BlackTitle "GM"]
[WhiteElo "2608"]
[BlackElo "2644"]
[WhiteFideId "14204118"]
[BlackFideId "4108116"]
[EventDate "2019.09.25"]
[EventType "blitz"]

1. c4 e5 2. d3 Nc6 3. Nf3 g6 4. g3 Bg7 5. Bg2 Nge7 6. O-O d6 7. Nc3 h6 8. Rb1
Be6 9. Nd2 Qd7 10. Nd5 O-O 11. b4 Rae8 12. b5 Nd8 13. Bb2 Nc8 14. e3 Kh7 15. a4
f5 16. f4 Bf7 17. Re1 c6 18. Nb4 Qc7 19. bxc6 bxc6 20. Qf3 Qa5 21. Bc3 e4 22.
Nb3 exf3 23. Nxa5 Bxc3 0-1

[Event "Chess24 Banter Blitz Cup"]
[Site "chess24.com INT"]
[Date "2020.03.28"]
[Round "3.12"]
[White "Chigaev, Maksim"]
[Black "Abdusattorov, Nodirbek"]
[Result "0-1"]
[WhiteTitle "GM"]
[BlackTitle "GM"]
[WhiteElo "2644"]
[BlackElo "2608"]
[WhiteFideId "4108116"]
[BlackFideId "14204118"]
[EventDate "2019.09.25"]
[EventType "blitz"]

1. e4 e5 2. Nf3 Nc6 3. Bc4 Bc5 4. d3 Nf6 5. h3 O-O 6. O-O d6 7. c3 a6 8. a4 Ba7
9. a5 h6 10. Be3 Be6 11. Bxe6 fxe6 12. Bxa7 Rxa7 13. Nbd2 Nh5 14. g3 Qf6 15. Qe2
Raa8 16. Kh2 Rf7 17. Ng1 g6 18. b4 Raf8 19. Ndf3 d5 20. Rab1 d4 21. c4 Kh7 22.
Rb2 Nb8 23. Kg2 Nd7 24. Nh2 Qe7 25. Ng4 Nhf6 26. Nxf6+ Qxf6 27. Nf3 Qxf3+ 28.
Qxf3 Rxf3 0-1

[Event "Chess24 Banter Blitz Cup"]
[Site "chess24.com INT"]
[Date "2020.03.28"]
[Round "3.13"]
[White "Abdusattorov, Nodirbek"]
[Black "Chigaev, Maksim"]
[Result "1-0"]
[WhiteTitle "GM"]
[BlackTitle "GM"]
[WhiteElo "2608"]
[BlackElo "2644"]
[WhiteFideId "14204118"]
[BlackFideId "4108116"]
[EventDate "2019.09.25"]
[EventType "blitz"]

1. e4 e5 2. Nf3 Nc6 3. Bb5 a6 4. Ba4 Nf6 5. O-O b5 6. Bb3 Bc5 7. c3 d6 8. d4 Bb6
9. Be3 exd4 10. cxd4 O-O 11. Nbd2 Bg4 12. Qc2 Na5 13. Bg5 h6 14. Bh4 Nxb3 15.
axb3 g5 16. Bg3 Nh5 17. e5 Nxg3 18. hxg3 Bh5 19. Ne4 Bg6 20. Qe2 Re8 21. Rfe1
dxe5 22. dxe5 Re6 23. Rad1 Qe7 24. Nf6+ Kg7 25. Nd5 Qc5 26. Nxb6 Qxb6 27. Nd4
Re7 28. e6 Rae8 29. b4 fxe6 30. Qe5+ Kh7 31. Nb3 Bc2 32. Nc5 Bxd1 33. Rxd1 Rf7
34. Rd2 Ref8 35. f3 a5 36. Kh2 Re7 37. Nd7 1-0

[Event "Chess24 Banter Blitz Cup"]
[Site "chess24.com INT"]
[Date "2020.03.28"]
[Round "3.14"]
[White "Chigaev, Maksim"]
[Black "Abdusattorov, Nodirbek"]
[Result "1-0"]
[WhiteTitle "GM"]
[BlackTitle "GM"]
[WhiteElo "2644"]
[BlackElo "2608"]
[WhiteFideId "4108116"]
[BlackFideId "14204118"]
[EventDate "2019.09.25"]
[EventType "blitz"]

1. e4 e5 2. Nf3 Nc6 3. Bc4 Bc5 4. d3 Nf6 5. a4 O-O 6. O-O a6 7. h3 d6 8. c3 Ba7
9. Nbd2 h6 10. Re1 Re8 11. Qb3 Re7 12. a5 Rb8 13. Qc2 Be6 14. Bxe6 Rxe6 15. Nf1
d5 16. Be3 Bxe3 17. Nxe3 Qd7 18. b4 Rd8 19. Rad1 dxe4 20. dxe4 Rd6 21. Rxd6 Qxd6
22. Rd1 Qe7 23. Nd5 Qd6 24. Rd2 Nxd5 25. Rxd5 Qe6 26. Qd2 Rd6 27. c4 f6 28. b5
Ne7 29. Rxd6 Qxd6 30. Qxd6 cxd6 31. Ne1 Kf7 32. Nd3 Ke6 33. Nb4 axb5 34. cxb5
Kd7 35. Kf1 f5 36. f3 fxe4 37. fxe4 Ng6 38. g3 Nf8 39. Ke2 Ne6 40. Kd3 Nc5+ 41.
Ke3 Nb3 42. a6 bxa6 43. bxa6 Kc7 44. Nd5+ Kb8 45. Ne7 Ka7 46. Nf5 Kxa6 47. Nxd6
Na5 48. Nf5 Kb5 49. Nxg7 Kc4 50. Nf5 h5 51. g4 hxg4 52. hxg4 Nc6 53. g5 Nd8 54.
g6 Ne6 55. g7 Nxg7 56. Nxg7 Kc5 57. Nf5 Kc6 58. Ng3 Kc5 59. Kf3 Kd4 60. Kg4 Ke3
61. Kf5 Kf3 62. Nh5 Ke3 63. Kxe5 Kf3 64. Kd5 Ke3 65. Nf6 Kf4 66. e5 Kf5 67. Kd6
Kg6 68. Kd7 Kf5 69. e6 Kxf6 70. e7 Kf5 71. e8=Q Kf4 72. Qe2 Kg3 73. Ke6 Kf4 74.
Qd3 Kg4 75. Qe3 Kh4 76. Qg1 Kh5 77. Kf5 Kh4 78. Qg4# 1-0

[Event "Chess24 Banter Blitz Cup"]
[Site "chess24.com INT"]
[Date "2020.03.28"]
[Round "3.15"]
[White "Abdusattorov, Nodirbek"]
[Black "Chigaev, Maksim"]
[Result "1-0"]
[WhiteTitle "GM"]
[BlackTitle "GM"]
[WhiteElo "2608"]
[BlackElo "2644"]
[WhiteFideId "14204118"]
[BlackFideId "4108116"]
[EventDate "2019.09.25"]
[EventType "blitz"]

1. e4 e5 2. Nf3 Nc6 3. Bb5 a6 4. Ba4 Nf6 5. O-O b5 6. Bb3 Bc5 7. c3 d6 8. d4 Bb6
9. Be3 exd4 10. cxd4 O-O 11. Nbd2 h6 12. h3 Rb8 13. Rc1 Bb7 14. d5 Bxe3 15. dxc6
Bxd2 16. Qxd2 Bc8 17. Rfe1 Be6 18. Nd4 Bxb3 19. axb3 Re8 20. f3 Re5 21. Qf4 Kh7
22. Nf5 Qf8 23. Kh2 Rbe8 24. Ne3 Nh5 25. Qh4 Nf6 26. Red1 R5e6 27. Nf5 Kh8 28.
Qf4 Nh7 29. Ra1 Rf6 30. Qd2 Ng5 31. Rxa6 g6 32. Qc3 Re5 33. Nxd6 cxd6 34. c7 Qc8
35. Rda1 Kh7 36. Ra8 Qe6 37. c8=Q 1-0

[Event "Chess24 Banter Blitz Cup"]
[Site "chess24.com INT"]
[Date "2020.03.28"]
[Round "3.16"]
[White "Chigaev, Maksim"]
[Black "Abdusattorov, Nodirbek"]
[Result "0-1"]
[WhiteTitle "GM"]
[BlackTitle "GM"]
[WhiteElo "2644"]
[BlackElo "2608"]
[WhiteFideId "4108116"]
[BlackFideId "14204118"]
[EventDate "2019.09.25"]
[EventType "blitz"]

1. e4 e5 2. Nf3 Nc6 3. Bc4 Bc5 4. d3 Nf6 5. h3 O-O 6. O-O d6 7. c3 a6 8. a4 Ba7
9. Nbd2 Be6 10. Bxe6 fxe6 11. b4 Qe8 12. Ra2 Ne7 13. Nc4 Ng6 14. Be3 Nh5 15.
Bxa7 Rxa7 16. g3 Ra8 17. a5 Ne7 18. Ne3 Nf6 19. Nh2 d5 20. Nhg4 Rd8 21. Qe2 dxe4
22. Nxf6+ Rxf6 23. dxe4 Rf8 24. Raa1 Qc6 25. Qc2 Rf3 26. Rad1 Rdf8 27. Rd2 h5
28. h4 Ng6 29. Rfd1 R8f7 30. Nf1 Rxc3 31. Rd8+ Kh7 32. Qe2 Nf8 33. Qxh5+ Kg8 34.
Qxe5 Rcf3 35. R8d2 Ng6 36. Qg5 Qxe4 37. Nh2 R3f6 38. Rd8+ Nf8 39. R8d2 Rg6 40.
Qc5 Rf5 41. Qc2 Qxh4 42. Nf1 Rh5 43. f4 Rxg3+ 44. Nxg3 Qxg3+ 45. Rg2 Qxf4 46.
Rf1 Qh6 47. Rf3 Rh1+ 48. Kf2 Qh4+ 49. Rfg3 Qd4+ 50. Ke2 Rh7 51. Qxc7 Qe4+ 52.
Kd2 Qd4+ 53. Kc2 Qf6 54. Rxg7+ Qxg7 55. Rxg7+ Rxg7 56. Qc8 Rf7 57. Kb3 Kg7 58.
Ka4 Nd7 59. b5 Nc5+ 60. Ka3 axb5 61. Qxc5 Rf3+ 62. Kb4 Rf5 63. Kxb5 Kf6 64. Kb6
Rxc5 65. Kxc5 e5 66. Kb6 e4 67. Kxb7 e3 68. a6 e2 0-1

[Event "Chess24 Banter Blitz Cup"]
[Site "chess24.com INT"]
[Date "2020.03.24"]
[Round "4.1"]
[White "Tang, Andrew"]
[Black "Sjugirov, Sanan"]
[Result "0-1"]
[WhiteTitle "GM"]
[BlackTitle "GM"]
[WhiteElo "2507"]
[BlackElo "2662"]
[WhiteFideId "2059630"]
[BlackFideId "4189302"]
[EventDate "2019.09.25"]
[EventType "blitz"]

1. d4 Nf6 2. c4 e6 3. Nc3 Bb4 4. Qc2 O-O 5. Nf3 d5 6. Bg5 c5 7. cxd5 exd5 8.
dxc5 h6 9. Bh4 Nbd7 10. e3 g5 11. Bg3 Nxc5 12. Be2 Nfe4 13. O-O Bxc3 14. bxc3
Bf5 15. Qb2 Qe7 16. Nd4 Bg6 17. Rfd1 h5 18. Nf3 h4 19. Be5 g4 20. c4 gxf3 21.
gxf3 Rfe8 22. Rxd5 Rad8 23. Rad1 Rxd5 24. Rxd5 Ng5 25. Bd6 Nh3+ 26. Kf1 Na4 27.
Qb5 Nc3 28. Qb3 Qf6 29. Rd4 Nxe2 30. Kxe2 Ng1+ 31. Kf1 Nxf3 32. Rf4 Qxd6 33.
Rxf3 Qxh2 34. Rf4 Rd8 35. c5 Bd3+ 36. Ke1 Qg1+ 37. Kd2 Bc4+ 38. Kc3 Bxb3 39.
axb3 Qe1+ 40. Kc4 Qe2+ 41. Kb4 h3 42. Rh4 Qd2+ 43. Kc4 Qxf2 44. Rxh3 Qf1+ 45.
Kb4 Qxh3 46. Kb5 Qd7+ 47. Ka5 Qc6 48. b4 Qa6# 0-1

[Event "Chess24 Banter Blitz Cup"]
[Site "chess24.com INT"]
[Date "2020.03.24"]
[Round "4.2"]
[White "Sjugirov, Sanan"]
[Black "Tang, Andrew"]
[Result "1/2-1/2"]
[WhiteTitle "GM"]
[BlackTitle "GM"]
[WhiteElo "2662"]
[BlackElo "2507"]
[WhiteFideId "4189302"]
[BlackFideId "2059630"]
[EventDate "2019.09.25"]
[EventType "blitz"]

1. e4 e5 2. Nf3 Nc6 3. Bb5 a6 4. Ba4 Nf6 5. O-O Be7 6. Re1 b5 7. Bb3 d6 8. c3
O-O 9. h3 Bb7 10. d4 Re8 11. Nbd2 Bf8 12. Ng5 Re7 13. d5 Nb8 14. Nf1 Nbd7 15.
Ng3 g6 16. Be3 c6 17. dxc6 Bxc6 18. Qxd6 Rc8 19. Rad1 h6 20. Nf3 Qa5 21. Qd2 Kh7
22. Qc2 Qc7 23. Nh2 Qb7 24. f3 a5 25. a3 Nb6 26. Ng4 Nxg4 27. hxg4 Nc4 28. Bf2
Rec7 29. Nf1 Bd7 30. Ne3 Be6 31. Bxc4 bxc4 32. Nd5 Rc6 33. Rd2 Rb8 34. Red1 Kg7
35. Be3 Qb5 36. Qc1 g5 37. Bf2 Rb7 38. Ne3 Kg6 39. Nf5 Rb8 40. Rd8 Rcc8 41. Rxc8
Rxc8 42. Rd2 Rb8 43. Qd1 Qb3 44. Qe2 Qb7 45. Bg3 f6 46. Kh2 Qc6 47. Ne3 Qb5 48.
Nd5 Bc5 49. Bf2 Rh8 50. Bxc5 Qxc5 51. Ne3 h5 52. gxh5+ Rxh5+ 53. Kg3 Rh4 54. Rd8
Qb6 55. Qd2 Rh1 56. Nf5 Qg1 57. Ne7+ Kf7 58. Nf5 Qh2+ 59. Kf2 Qg1+ 60. Kg3 Kg6
61. Ne7+ Kf7 62. Nf5 1/2-1/2

[Event "Chess24 Banter Blitz Cup"]
[Site "chess24.com INT"]
[Date "2020.03.24"]
[Round "4.3"]
[White "Tang, Andrew"]
[Black "Sjugirov, Sanan"]
[Result "0-1"]
[WhiteTitle "GM"]
[BlackTitle "GM"]
[WhiteElo "2507"]
[BlackElo "2662"]
[WhiteFideId "2059630"]
[BlackFideId "4189302"]
[EventDate "2019.09.25"]
[EventType "blitz"]

1. d4 Nf6 2. Bf4 d5 3. e3 Bf5 4. c4 e6 5. Nc3 Bb4 6. Nf3 O-O 7. Be2 c5 8. O-O
dxc4 9. Bxc4 a6 10. dxc5 Bxc5 11. a3 Nbd7 12. Rc1 Rc8 13. Qe2 b5 14. Ba2 Qb6 15.
Rfd1 Rfd8 16. h3 Bg6 17. Nh4 Bh5 18. g4 Bg6 19. Nxg6 hxg6 20. Kg2 Be7 21. Rc2 b4
22. axb4 Bxb4 23. Rdc1 Bxc3 24. Rxc3 Rxc3 25. Rxc3 Nc5 26. Rc2 Nfe4 27. f3 Nf6
28. e4 Nd3 29. Be3 Qb8 30. Rd2 Nb4 31. Bc4 a5 32. b3 Qc8 33. Bb6 Rxd2 34. Qxd2
Nc6 35. Qd6 Nd7 36. Bc7 Nce5 37. Bb5 g5 38. Kg3 Kh7 39. Kf2 f6 40. Kg2 Nf8 41.
Ba6 Qe8 42. Bxa5 Nfg6 43. Be1 Qa8 44. Bg3 Nf4+ 45. Bxf4 gxf4 46. h4 Ng6 47. Kh3
Ne5 48. g5 Qa7 49. gxf6 Qf2 50. Qxe5 Qg3# 0-1

[Event "Chess24 Banter Blitz Cup"]
[Site "chess24.com INT"]
[Date "2020.03.24"]
[Round "4.4"]
[White "Sjugirov, Sanan"]
[Black "Tang, Andrew"]
[Result "1-0"]
[WhiteTitle "GM"]
[BlackTitle "GM"]
[WhiteElo "2662"]
[BlackElo "2507"]
[WhiteFideId "4189302"]
[BlackFideId "2059630"]
[EventDate "2019.09.25"]
[EventType "blitz"]

1. e4 e5 2. Nf3 Nc6 3. Bb5 g6 4. c3 Bg7 5. O-O a6 6. Ba4 b5 7. Bc2 d6 8. d4 exd4
9. cxd4 Bg4 10. Be3 Bxf3 11. gxf3 Qf6 12. Nc3 Nge7 13. e5 dxe5 14. Ne4 Qe6 15.
Bb3 Qf5 16. d5 Rd8 17. Qc2 Nb4 18. Qxc7 Qxf3 19. d6 Rd7 20. Qb8+ Rd8 21. d7+
Kxd7 22. Rad1+ Ned5 23. Qb7+ Ke6 24. Ng5+ 1-0

[Event "Chess24 Banter Blitz Cup"]
[Site "chess24.com INT"]
[Date "2020.03.24"]
[Round "4.5"]
[White "Tang, Andrew"]
[Black "Sjugirov, Sanan"]
[Result "1-0"]
[WhiteTitle "GM"]
[BlackTitle "GM"]
[WhiteElo "2507"]
[BlackElo "2662"]
[WhiteFideId "2059630"]
[BlackFideId "4189302"]
[EventDate "2019.09.25"]
[EventType "blitz"]

1. d4 Nf6 2. c4 e6 3. Nc3 Bb4 4. Qc2 O-O 5. Nf3 d5 6. Bg5 c5 7. cxd5 exd5 8.
dxc5 h6 9. Bh4 Nbd7 10. a3 Bxc3+ 11. Qxc3 g5 12. Bg3 Ne4 13. Qc2 f5 14. e3 Ndxc5
15. b4 f4 16. exf4 Bf5 17. Qb2 Re8 18. Ne5 gxf4 19. Bxf4 Nd7 20. Be2 Nxe5 21.
Bxe5 Qe7 22. Bd4 Nd6 23. Be3 Bg6 24. O-O Nf5 25. Bf3 Nxe3 26. Rfe1 Qg5 27. fxe3
Rxe3 28. Bxd5+ Kh7 29. Bxb7 Rae8 30. Rxe3 Qxe3+ 31. Qf2 Qe5 32. Rf1 Re7 33. Bf3
Bd3 34. Rd1 Qc3 35. Qd2 Qxd2 36. Rxd2 Bg6 37. Kf2 Kg7 38. Rd5 Rf7 39. Ra5 Be4
40. Ke3 Bxf3 41. gxf3 Re7+ 42. Kf4 Rd7 43. h4 Rf7+ 44. Kg4 Re7 45. h5 Rf7 46. f4 1-0

[Event "Chess24 Banter Blitz Cup"]
[Site "chess24.com INT"]
[Date "2020.03.24"]
[Round "4.6"]
[White "Sjugirov, Sanan"]
[Black "Tang, Andrew"]
[Result "1-0"]
[WhiteTitle "GM"]
[BlackTitle "GM"]
[WhiteElo "2662"]
[BlackElo "2507"]
[WhiteFideId "4189302"]
[BlackFideId "2059630"]
[EventDate "2019.09.25"]
[EventType "blitz"]

1. e4 e6 2. d4 d5 3. e5 c5 4. c3 Qb6 5. Nf3 cxd4 6. cxd4 Bd7 7. a3 Bb5 8. Bxb5+
Qxb5 9. b4 a5 10. Nc3 Qc6 11. Bd2 axb4 12. axb4 Rxa1 13. Qxa1 Bxb4 14. Qa8 Bxc3
15. Qxb8+ Kd7 16. O-O Bxd2 17. Nxd2 Qc8 18. Qd6+ Ke8 19. Nb3 Ne7 20. Rc1 Nc6 21.
Qc5 Qd8 22. Qb5 Qe7 23. Nc5 Qc7 24. Nxb7 Kd7 25. Nc5+ Ke7 26. Na6 Qa7 27. Qxc6
Rd8 28. Nc5 Kf8 29. h3 h6 30. Rb1 Qa8 31. Qc7 Qc8 32. Qa5 Qa8 33. Qc7 Kg8 34.
Rb7 Rf8 35. Nd7 Qa1+ 36. Kh2 Qxd4 37. Nxf8 Qf4+ 38. Kg1 d4 39. Nxe6 Qf5 40. Qc8+
Kh7 41. Nf8+ 1-0

[Event "Chess24 Banter Blitz Cup"]
[Site "chess24.com INT"]
[Date "2020.03.24"]
[Round "4.7"]
[White "Tang, Andrew"]
[Black "Sjugirov, Sanan"]
[Result "0-1"]
[WhiteTitle "GM"]
[BlackTitle "GM"]
[WhiteElo "2507"]
[BlackElo "2662"]
[WhiteFideId "2059630"]
[BlackFideId "4189302"]
[EventDate "2019.09.25"]
[EventType "blitz"]

1. d4 Nf6 2. Bf4 d5 3. e3 Bf5 4. Nf3 e6 5. Ne5 Bd6 6. g4 Bxe5 7. dxe5 Bxg4 8. f3
Ne4 9. h4 Bh5 10. b4 f6 11. Be2 fxe5 12. Bxe5 Nf6 13. Rg1 Nbd7 14. Bb2 Qe7 15.
Qd2 O-O-O 16. Na3 e5 17. O-O-O e4 18. f4 Bxe2 19. Qxe2 Qxb4 20. Rxg7 a6 21. Nb1
Qa4 22. Nc3 Qc6 23. Rg5 Nb6 24. Nb1 Nc4 25. Bd4 Rhf8 26. Nc3 Qd6 27. Nb1 Kb8 28.
Be5 Qc6 29. Bc3 Ne8 30. Nd2 h6 31. Rh5 Nb6 32. Ba1 Nd6 33. Nb3 Qa4 34. Rxh6 Ndc4
35. Kb1 Na3+ 36. Kc1 Nac4 37. c3 Qa3+ 38. Kb1 Rg8 39. Rh5 Qe7 40. Rg5 Rh8 41.
Rh1 Rdg8 42. Bb2 Na4 43. Ba1 Qf6 44. Rhg1 Rxg5 45. hxg5 Qb6 46. g6 Nxe3 47. g7
Rg8 48. Rg5 Nc4 49. f5 Na3+ 50. Kc1 Nc4 51. Rg6 Qb5 52. f6 Qe8 53. Qg4 Ne5 54.
f7 Nxf7 55. Qf5 Ne5 56. Qe6 Nd3+ 57. Kd2 e3+ 58. Qxe3 Nf4 59. Qxf4 Qxg6 60. Qf8+
Rxf8 61. gxf8=Q+ Ka7 62. Qf2+ Nc5 0-1

[Event "Chess24 Banter Blitz Cup"]
[Site "chess24.com INT"]
[Date "2020.03.24"]
[Round "4.8"]
[White "Sjugirov, Sanan"]
[Black "Tang, Andrew"]
[Result "0-1"]
[WhiteTitle "GM"]
[BlackTitle "GM"]
[WhiteElo "2662"]
[BlackElo "2507"]
[WhiteFideId "4189302"]
[BlackFideId "2059630"]
[EventDate "2019.09.25"]
[EventType "blitz"]

1. e4 e5 2. Nf3 Nc6 3. Bb5 g6 4. c3 a6 5. Ba4 Bg7 6. d4 exd4 7. cxd4 b5 8. Bc2
d6 9. h3 Nf6 10. O-O O-O 11. Nc3 Bb7 12. Re1 Re8 13. Bf4 Na5 14. a3 c5 15. dxc5
dxc5 16. Qxd8 Raxd8 17. Bc7 Nc4 18. Bxd8 Rxd8 19. e5 Nd7 20. Be4 Bxe4 21. Nxe4
Nxb2 22. Re2 Nd3 23. Rd1 c4 24. Ne1 N7xe5 25. Nxd3 cxd3 26. Re3 f5 27. Nc5 d2
28. Ne6 Rd5 29. Nf4 Nc4 30. Re8+ Kf7 31. Nxd5 Kxe8 32. Nc7+ Ke7 33. Nxa6 Bc3 34.
Nc5 Nb2 0-1

[Event "Chess24 Banter Blitz Cup"]
[Site "chess24.com INT"]
[Date "2020.03.24"]
[Round "4.9"]
[White "Tang, Andrew"]
[Black "Sjugirov, Sanan"]
[Result "0-1"]
[WhiteTitle "GM"]
[BlackTitle "GM"]
[WhiteElo "2507"]
[BlackElo "2662"]
[WhiteFideId "2059630"]
[BlackFideId "4189302"]
[EventDate "2019.09.25"]
[EventType "blitz"]

1. d4 Nf6 2. Bf4 d5 3. e3 Bf5 4. Nf3 e6 5. Nbd2 Bd6 6. Ne5 Bxe5 7. dxe5 Nfd7 8.
g4 Bg6 9. Be2 Nc6 10. h4 h6 11. h5 Bh7 12. Nf3 Be4 13. c3 Qe7 14. Rg1 Bxf3 15.
Bxf3 Ncxe5 16. Be2 f6 17. Qc2 a6 18. O-O-O O-O-O 19. Kb1 Nc6 20. Bg3 Nb6 21.
Rge1 Kb8 22. Rd2 e5 23. Red1 Rd6 24. f4 Rhd8 25. fxe5 Nxe5 26. e4 Qe8 27. exd5
Rxd5 28. Rxd5 Rxd5 29. Re1 Rd8 30. Bf2 Qc6 31. Bd4 Qg2 32. Bd1 Qg3 33. Re3 Qf4
34. Re4 Qf1 35. Qe2 Qh1 36. b3 c5 37. Bxe5+ fxe5 38. Kc2 Rxd1 39. Rxe5 Rb1 40.
Rxc5 Qc1+ 41. Kd3 Qf4 42. Qe5+ Qxe5 43. Rxe5 Rd1+ 44. Ke2 Rd7 45. Kf3 Kc7 46. c4
Nc8 47. Rc5+ Kd8 48. Rf5 Nd6 49. Rf8+ Kc7 50. Rg8 Rf7+ 51. Ke3 Re7+ 52. Kd4 Rd7
53. Kd5 Nf7+ 54. Ke6 Ng5+ 55. Ke5 Re7+ 56. Kf5 Rd7 57. Kg6 Ne6 58. Rxg7 Nxg7 59.
Kxh6 Ne6 60. g5 Nxg5 61. Kxg5 Rd2 62. Kg6 Rg2+ 63. Kh7 Rh2 64. h6 Rg2 65. c5 Rh2
66. c6 Rg2 67. cxb7 Kxb7 68. b4 Kb6 69. b5 Rf2 70. bxa6 Rf7+ 71. Kg6 Ra7 0-1

[Event "Chess24 Banter Blitz Cup"]
[Site "chess24.com INT"]
[Date "2020.03.24"]
[Round "4.10"]
[White "Sjugirov, Sanan"]
[Black "Tang, Andrew"]
[Result "1-0"]
[WhiteTitle "GM"]
[BlackTitle "GM"]
[WhiteElo "2662"]
[BlackElo "2507"]
[WhiteFideId "4189302"]
[BlackFideId "2059630"]
[EventDate "2019.09.25"]
[EventType "blitz"]

1. e4 e5 2. Nf3 Nc6 3. Bb5 g6 4. c3 a6 5. Ba4 Bg7 6. O-O b5 7. Bb3 Na5 8. Bc2
Ne7 9. d4 exd4 10. cxd4 O-O 11. Nc3 d6 12. h3 c5 13. Bf4 cxd4 14. Nxd4 Bb7 15.
Rb1 Rc8 16. Re1 Nc4 17. Bb3 Qb6 18. Bxc4 Bxd4 19. Bb3 Bxf2+ 20. Kh1 Bxe1 21.
Qxe1 d5 22. Bg5 Rfe8 23. Qh4 Qe6 24. Rf1 b4 25. Bf6 bxc3 26. Qh6 Qxf6 27. Rxf6
cxb2 28. Rf1 Rc1 29. Rxc1 bxc1=Q+ 30. Qxc1 dxe4 31. Qc7 Bc6 32. Bc4 e3 33. Bxa6
Kf8 34. Qe5 Nf5 35. Qc5+ Ne7 36. Qxe3 Bd5 37. a4 Ra8 38. Bb5 Be6 39. Qc5 Rc8 40.
Qb4 Rc7 41. a5 Kg7 42. Qd6 Ra7 43. Qd4+ 1-0

[Event "Chess24 Banter Blitz Cup"]
[Site "chess24.com INT"]
[Date "2020.03.24"]
[Round "4.11"]
[White "Tang, Andrew"]
[Black "Sjugirov, Sanan"]
[Result "1-0"]
[WhiteTitle "GM"]
[BlackTitle "GM"]
[WhiteElo "2507"]
[BlackElo "2662"]
[WhiteFideId "2059630"]
[BlackFideId "4189302"]
[EventDate "2019.09.25"]
[EventType "blitz"]

1. d4 Nf6 2. Bf4 d5 3. e3 Bf5 4. Nf3 e6 5. Nbd2 Bd6 6. Ne5 Bxe5 7. Bxe5 Nbd7 8.
Bg3 c5 9. c3 Qb6 10. Qb3 c4 11. Qa3 Ne4 12. Nxe4 Bxe4 13. f3 Bg6 14. Be2 f6 15.
O-O Kf7 16. b3 cxb3 17. axb3 a6 18. c4 Rhc8 19. c5 Qd8 20. b4 Kg8 21. Qb3 Be8
22. e4 Nf8 23. Bd6 Bc6 24. exd5 exd5 25. Bd3 Qd7 26. Qc2 g6 27. Rfe1 Ne6 28. Qf2
Re8 29. Qh4 Qf7 30. Re3 Ng5 31. Rae1 Rxe3 32. Rxe3 Re8 33. Qf2 Rxe3 34. Qxe3 Qe6
35. Qd2 Nf7 36. Bg3 Bb5 37. Bc2 Kg7 38. h4 Nh6 39. Bf2 Nf5 40. g4 Ne7 41. Be3
Nc6 42. Kf2 Bc4 43. Bh6+ Kf7 44. Kg3 Nxd4 45. Qxd4 Qe1+ 46. Qf2 Qxb4 47. Be3 Qa3
48. Bd4 Qc1 49. Bb2 Qh1 50. Qd4 Qe1+ 51. Qf2 Qh1 52. g5 f5 53. Qe3 Qf1 54. Bc3
Be2 55. Bb3 Kf8 56. c6 1-0

[Event "Chess24 Banter Blitz Cup"]
[Site "chess24.com INT"]
[Date "2020.03.24"]
[Round "4.12"]
[White "Sjugirov, Sanan"]
[Black "Tang, Andrew"]
[Result "1-0"]
[WhiteTitle "GM"]
[BlackTitle "GM"]
[WhiteElo "2662"]
[BlackElo "2507"]
[WhiteFideId "4189302"]
[BlackFideId "2059630"]
[EventDate "2019.09.25"]
[EventType "blitz"]

1. e4 e5 2. Nf3 Nc6 3. Bb5 g6 4. c3 a6 5. Ba4 Bg7 6. O-O b5 7. Bc2 d6 8. h3 Nf6
9. d3 O-O 10. Re1 Re8 11. Nbd2 Bb7 12. Nf1 Nb8 13. Ng3 Nbd7 14. Bg5 h6 15. Bd2
c5 16. Qc1 Kh7 17. h4 Nf8 18. h5 Ne6 19. a4 Nxh5 20. Nxh5 gxh5 21. g3 f5 22. Nh4
f4 23. Qd1 Qg5 24. Bb3 Bf6 25. Kh2 Qg4 26. Nf5 Ng5 27. Qxg4 hxg4 28. Bd1 fxg3+
29. fxg3 h5 30. Nxd6 Re7 31. Nxb7 Rxb7 32. axb5 Rxb5 33. Bc1 Rb6 34. Rf1 Kg6 35.
Kg2 Rd8 36. Be2 c4 37. dxc4 Nxe4 38. Rd1 Rf8 39. Bd3 Kg7 40. Bxe4 Rf7 41. c5 Rb5
42. b4 Be7 43. Bd5 Rf6 44. Bc4 Rb7 45. Rxa6 Rf3 46. Re6 Rd7 47. Rxd7 1-0